Statistics for West Europe by Borders in 30 seconds

Click here to take the quiz!

General Stats

  • This quiz has been taken 26 times
  • The average score is 7 of 8

Answer Stats

Country% Correct
Andorra
100%
Belgium
100%
France
100%
Spain
100%
Portugal
92%
Ireland
83%
United Kingdomn
83%
Netherlands
79%

Score Distribution

Percentile by Number Answered

Percent of People with Each Score

Your Score History

You have not taken this quiz